| 000 | 00744nam a2200229Ia 4500 | ||
|---|---|---|---|
| 003 | GCL | ||
| 008 | 140319s9999 xx 000 0 ara d | ||
| 040 |
_aGCL / _cGCL |
||
| 082 | 0 | 4 |
_a953.082 _bم ح |
| 100 | 1 | _aمحمود شلبى | |
| 245 | 1 | 0 |
_aحياة الملك الظاهر بيبرس : _bالاسد الضارى، قاهر التتار ومدمر الصليبيين / _cمحمود شلبى |
| 250 | _aالاولى | ||
| 260 |
_aبيروت : _bدار الجيل ، _c1992 |
||
| 300 |
_a431 ص ؛ _c24 سم |
||
| 490 | _a | ||
| 650 | 0 | 4 | _aالحروب الصليبية |
| 650 | 0 | 4 | _aالتاريخ الاسلامى |
| 650 | 0 | 4 | _aالتراجم |
| 650 | 0 | 4 | _aالظاهر بيبرس |
| 650 | 0 | 4 | _aالتتار |
| 942 |
_2ddc _cBK |
||
| 999 |
_c54834 _d54834 |
||